000 00973naa a22002537u 4500
001 06726
003 HDC
007 cr bn ---aaaaa
008 210124t2016 my 000 0 eng
040 _aHDC
110 _aMalaysian-German Chamber of Commerce and Industry
245 0 _aPotential and Challenges of Confectionery Products in the Malaysian Market 2015 /
_cby Malaysian-German Chamber of Commerce and Industry
260 _aKuala Lumpur :
_bEU-Malaysia Chamber of Commerce and Industry,
_c2016
300 _a75 pages : illustrations
336 _atext
_2rdacontent
337 _acomputer
_2rdamedia
338 _aonline resource
_2rdacarrier
650 _aFood industry and trade
_9140
650 _aHalal food industry
_9128
856 _zRequest full-text at [email protected]
942 _2lcc
942 _cEIS
942 _kEMAG 000344
999 _c4050
_d4050